00000000nam 2200000zi 4500
0019.930262
003CaOODSP
00520241107101924
006m     o  d f      
007cr |n|||||||||
008231114s1984    oncdb|| o    f000 0|eng d
040 |aCaOODSP|beng|erda|cCaOODSP
0410 |aeng|afre
043 |an-cn---
0861 |aCo23-126/1984-PDF
24500|aCanadian television channel allotment plan = |bPlan d'allotissement des canaux de télévision au Canada.
24631|aPlan d'allotissement des canaux de télévision au Canada
264 1|a[Ottawa] : |bGovernment of Canada, Department of Communications, Telecommunication Regulatory Service = Gouvernement du Canada, Ministère des communications, Service de la réglementation des télécommunications, |c[1984]
300 |a1 online resource (ix, ix, 30, 30 pages) : |bcharts, maps
336 |atext|btxt|2rdacontent
337 |acomputer|bc|2rdamedia
338 |aonline resource|bcr|2rdacarrier
500 |aDigitized edition from print [produced by Innovation, Science and Economic Development Canada].
500 |a"Effective date: March 1, 1984."
546 |aText in English and French.
650 0|aTelevision frequency allocation|zCanada.
650 0|aTelevision stations|zCanada|xCall signs.
7101 |aCanada. |bDepartment of Communications, |eissuing body.
788 |tCanadian television channel allotment plan = |efre|w(CaOODSP)9.944948
85640|qPDF|s2.05 MB|uhttps://publications.gc.ca/collections/collection_2024/isde-ised/Co23-126-1984.pdf